[Event "GER-ch Net Amateur Gr-A Vor2"]
[Site "Playchess.com INT"]
[Date "2020.04.15"]
[Round "4"]
[White "Bausch, Thomas"]
[Black "Schmaelzle, Claudia"]
[Result "1-0"]
[WhiteElo "2013"]
[BlackElo "1903"]
[PlyCount "64"]
[EventDate "2020.04.15"]
[EventType "swiss (blitz)"]
[EventRounds "9"]
[EventCountry "GER"]
[SourceTitle "CBM 196 Extra"]
[Source "ChessBase"]
[SourceDate "2020.07.31"]
[SourceVersion "1"]
[SourceVersionDate "2020.07.31"]
[SourceQuality "1"]

1. e4 g6 2. d4 Bg7 3. Nc3 c6 4. h3 d5 5. Nf3 dxe4 6. Nxe4 Nf6 7. Nxf6+ Bxf6 8. Bd3 Be6 9. Be3 Nd7 10. 0-0 0-0 11. Bh6 Bg7 12. Bxg7 Kxg7 13. Ng5 Qa5 14. Nxe6+ fxe6 15. Re1 e5 16. dxe5 Nxe5 17. Qe2 Nxd3 18. Qxd3 Rf7 19. Qd4+ Kg8 20. Re5 Qb6 21. Rd1 Raf8 22. Qxb6 axb6 23. f3 Rb8 24. Rd7 Kf8 25. Re3 Ke8 26. Red3 e6 27. Rxf7 Kxf7 28. Rd7+ Kg8 29. Re7 Ra8 30. Rxb7 Rxa2 31. Rxb6 Ra1+ 32. Kf2 Rb1 1-0

[Event "GER-ch Net Amateur Gr-A Vor2"]
[Site "Playchess.com INT"]
[Date "2020.04.15"]
[Round "3"]
[White "Kleeschaetzky, Rainer"]
[Black "Schmaelzle, Claudia"]
[Result "1-0"]
[WhiteElo "2047"]
[BlackElo "1913"]
[PlyCount "55"]
[EventDate "2020.04.15"]
[EventType "swiss (blitz)"]
[EventRounds "9"]
[EventCountry "GER"]
[SourceTitle "CBM 196 Extra"]
[Source "ChessBase"]
[SourceDate "2020.07.31"]
[SourceVersion "1"]
[SourceVersionDate "2020.07.31"]
[SourceQuality "1"]

1. e4 g6 2. d4 Bg7 3. Nc3 c6 4. f4 d5 5. e5 h5 6. Nf3 Nh6 7. Be3 Ng4 8. Bg1 h4 9. h3 Nh6 10. Bf2 Nf5 11. Bd3 e6 12. Qd2 b6 13. Ne2 Nd7 14. 0-0 c5 15. c4 dxc4 16. Bxc4 Bb7 17. d5 exd5 18. Bxd5 Bxd5 19. Qxd5 0-0 20. Rfd1 Nxe5 21. fxe5 Qc7 22. Nxh4 Rad8 23. Qf3 Qxe5 24. Nxf5 gxf5 25. Ng3 f4 26. Nh5 Bh6 27. Rxd8 Rxd8 28. Re1 1-0

[Event "GER-ch Net Amateur Gr-A Vor2"]
[Site "Playchess.com INT"]
[Date "2020.04.15"]
[Round "2"]
[White "Schmaelzle, Claudia"]
[Black "Hartmann, Martin"]
[Result "1-0"]
[WhiteElo "1889"]
[BlackElo "2009"]
[PlyCount "57"]
[EventDate "2020.04.15"]
[EventType "swiss (blitz)"]
[EventRounds "9"]
[EventCountry "GER"]
[SourceTitle "CBM 196 Extra"]
[Source "ChessBase"]
[SourceDate "2020.07.31"]
[SourceVersion "1"]
[SourceVersionDate "2020.07.31"]
[SourceQuality "1"]

1. e4 e5 2. g3 Nc6 3. Bg2 g6 4. c3 Bg7 5. Ne2 Nge7 6. 0-0 0-0 7. d4 exd4 8. cxd4 d5 9. exd5 Nxd5 10. Nbc3 Be6 11. Nf4 Nxf4 12. Bxf4 Nxd4 13. Re1 c6 14. Be5 Bxe5 15. Rxe5 Nf5 16. Qc2 Qf6 17. Rae1 Rad8 18. Ra5 Nd4 19. Qe4 a6 20. f4 Bf5 21. Qe5 Qxe5 22. Raxe5 Nc2 23. R1e2 Nb4 24. h3 Nd3 25. Re7 Nc5 26. g4 Bd3 27. R2e5 Nd7 28. Re3 Bc4 29. b3 1-0